[Event "Donetsk Amitan Memorial"]
[Site "Donetsk"]
[Date "2010.12.25"]
[Round "7"]
[White "Demkovich, Anatoliy"]
[Black "Petrov, Artur"]
[Result "0-1"]
[WhiteElo "2404"]
[BlackElo "2393"]
[PlyCount "124"]
[EventDate "2010.12.20"]
[EventType "tourn"]
[EventRounds "13"]
[EventCountry "UKR"]
[EventCategory "8"]
[SourceTitle "CBM 140 Extra"]
[Source "ChessBase"]
[SourceDate "2011.03.01"]
[SourceVersion "1"]
[SourceVersionDate "2011.03.01"]
[SourceQuality "1"]

1. e4 e6 2. d4 d5 3. Nc3 Nf6 4. Bd3 dxe4 5. Nxe4 Nbd7 6. Bg5 Be7 7. Nxf6+ Bxf6 8. Bxf6 Qxf6 9. Nf3 c5 10. 0-0 cxd4 11. Re1 0-0 12. Nxd4 Rd8 13. c3 e5 14. Nb3 b6 15. Qe2 Bb7 16. Be4 Bxe4 17. Qxe4 Re8 18. Rad1 Nf8 19. g3 Qg6 20. Qd5 Qe6 21. Qxe6 Rxe6 22. Nd2 f6 23. Ne4 Re7 24. Rd5 Rd7 25. Rxd7 Nxd7 26. Rd1 Nf8 27. Rd6 Rc8 28. Kf1 Rc7 29. Rd8 Kf7 30. Ra8 Rd7 31. Ke2 Ne6 32. b4 f5 33. Nd2 Rc7 34. a4 Kf6 35. Kd3 e4+ 36. Kc2 g5 37. g4 fxg4 38. Nxe4+ Ke5 39. Nd2 h5 40. Re8 Rf7 41. Nc4+ Kd5 42. Kb3 Rxf2 43. Ne3+ Kd6 44. Rh8 Rf3 45. Nc4+ Kd5 46. Rxh5 Rh3 47. Rxh3 gxh3 48. Nd2 g4 49. Nf1 Ke4 50. Kc2 Ng5 51. Kd2 Nf3+ 52. Ke2 Nxh2 53. Ng3+ Kd5 54. Kd3 Nf3 55. c4+ Ke5 56. Ke3 Nd4 57. Kf2 Nf5 58. Nh5 Kd4 59. c5 bxc5 60. bxc5 Kxc5 61. Nf6 g3+ 62. Kf3 Kb4 0-1

[Event "Donetsk Amitan Memorial"]
[Site "Donetsk"]
[Date "2010.12.24"]
[Round "6"]
[White "Sitnikov, Anton"]
[Black "Demkovich, Anatoliy"]
[Result "1-0"]
[WhiteElo "2470"]
[BlackElo "2404"]
[PlyCount "91"]
[EventDate "2010.12.20"]
[EventType "tourn"]
[EventRounds "13"]
[EventCountry "UKR"]
[EventCategory "8"]
[SourceTitle "CBM 140 Extra"]
[Source "ChessBase"]
[SourceDate "2011.03.01"]
[SourceVersion "1"]
[SourceVersionDate "2011.03.01"]
[SourceQuality "1"]

1. e4 c5 2. Nc3 Nc6 3. Nge2 g6 4. d4 cxd4 5. Nxd4 Bg7 6. Nb3 Nf6 7. Bg5 0-0 8. Qd2 d6 9. 0-0-0 a5 10. a4 Nb4 11. Kb1 Be6 12. Nd4 Qc8 13. f3 Re8 14. h4 Bc4 15. g4 Bxf1 16. Rdxf1 Qc4 17. Ndb5 Rac8 18. h5 Nd7 19. hxg6 fxg6 20. Qh2 Nf8 21. Be3 Qf7 22. Bd2 Rc5 23. f4 Rec8 24. e5 dxe5 25. f5 g5 26. b3 e4 27. Qg3 Qf6 28. Rh3 h6 29. Re1 Re5 30. Qe3 Nd7 31. Qd4 Nc5 32. Qc4+ Kf8 33. Be3 Rc6 34. Na7 Nxa4 35. Nxc6 Nxc3+ 36. Qxc3 Nxc6 37. Bc1 Qd6 38. Bb2 a4 39. bxa4 Ke8 40. Qb3 Bf6 41. Rxh6 Nd4 42. Qxb7 Rc5 43. Rxf6 Qxf6 44. Qxe4 Rc4 45. Qa8+ Kd7 46. Qd5+ 1-0

[Event "Donbass Cup"]
[Site "Donetsk"]
[Date "2009.04.15"]
[Round "11"]
[White "Rakhmangulov, Andrei"]
[Black "Demkovich, Anatoliy"]
[Result "1/2-1/2"]
[WhiteElo "2330"]
[BlackElo "2377"]
[PlyCount "26"]
[EventDate "2009.04.07"]
[EventType "tourn"]
[EventRounds "11"]
[EventCountry "UKR"]
[EventCategory "2"]
[SourceTitle "CBM 129 Extra"]
[Source "ChessBase"]
[SourceDate "2009.05.05"]
[SourceVersion "2"]
[SourceVersionDate "2009.05.20"]
[SourceQuality "1"]

1. d4 Nf6 2. Nf3 g6 3. Bf4 Bg7 4. e3 d6 5. h3 0-0 6. Be2 b6 7. 0-0 c5 8. c3 Bb7 9. a4 Nbd7 10. Nbd2 a6 11. Re1 Re8 12. Bh2 Rc8 13. Bf1 Qc7 1/2-1/2

[Event "Donbass Cup"]
[Site "Donetsk"]
[Date "2009.04.11"]
[Round "6"]
[White "Demkovich, Anatoliy"]
[Black "Otchiyev, Arslan"]
[Result "1-0"]
[WhiteElo "2377"]
[BlackElo "2230"]
[PlyCount "81"]
[EventDate "2009.04.07"]
[EventType "tourn"]
[EventRounds "11"]
[EventCountry "UKR"]
[EventCategory "2"]
[SourceTitle "CBM 129 Extra"]
[Source "ChessBase"]
[SourceDate "2009.05.05"]
[SourceVersion "2"]
[SourceVersionDate "2009.05.20"]
[SourceQuality "1"]

1. e4 c5 2. c3 d5 3. exd5 Qxd5 4. d4 Nc6 5. Nf3 Bg4 6. dxc5 Qxd1+ 7. Kxd1 e5 8. b4 e4 9. h3 Bxf3+ 10. gxf3 exf3 11. Nd2 a5 12. Bb5 0-0-0 13. a3 Nge7 14. Kc2 Ne5 15. Re1 f6 16. Nc4 Nxc4 17. Bxc4 Ng6 18. Rb1 Kc7 19. Bd3 Ne5 20. Bf4 Re8 21. Be4 g5 22. Bg3 a4 23. Bxf3 Bg7 24. Rbd1 f5 25. Bh5 f4 26. Bxe8 Rxe8 27. Bh2 Rd8 28. f3 Bf6 29. Rxd8 Kxd8 30. Rf1 Kd7 31. Bg1 Nc4 32. Kd3 Nb2+ 33. Ke4 Ke6 34. Bd4 Bd8 35. Rb1 Nc4 36. Kd3 Kd5 37. b5 Ba5 38. c6 Nxa3 39. cxb7 Bc7 40. c4+ Nxc4 41. Rc1 1-0

[Event "Donbass Cup"]
[Site "Donetsk"]
[Date "2009.04.10"]
[Round "4"]
[White "Demkovich, Anatoliy"]
[Black "Iljin, Timofey"]
[Result "1/2-1/2"]
[WhiteElo "2377"]
[BlackElo "2416"]
[PlyCount "21"]
[EventDate "2009.04.07"]
[EventType "tourn"]
[EventRounds "11"]
[EventCountry "UKR"]
[EventCategory "2"]
[SourceTitle "CBM 129 Extra"]
[Source "ChessBase"]
[SourceDate "2009.05.05"]
[SourceVersion "2"]
[SourceVersionDate "2009.05.20"]
[SourceQuality "1"]

1. e4 c5 2. c3 d5 3. exd5 Qxd5 4. d4 Nf6 5. Nf3 Nc6 6. Be2 cxd4 7. cxd4 e6 8. Nc3 Qd6 9. 0-0 Be7 10. Be3 0-0 11. a3 1/2-1/2